| 000 | 00805nab a2200241u 4500 | ||
|---|---|---|---|
| 001 | 17727 | ||
| 003 | HDC | ||
| 007 | c| |||a|c|aaaa | ||
| 008 | 210223b20140618my ||||| |||| 00| 0 may d | ||
| 040 | _aHDC | ||
| 100 |
_aNoor Atiqah Sulaiman / _eauthor _98405 |
||
| 245 | 0 |
_aEMKAY komited perkasa Agenda Bumiputera / _cNoor Atiqah Sulaiman |
|
| 336 |
_atext _2rdacontent |
||
| 337 |
_acomputer _2rdamedia |
||
| 338 |
_aonline resource _2rdacarrier |
||
| 650 |
_aEMKAY Group _916969 |
||
| 650 |
_aMemorandum of Understanding (MoU) _910019 |
||
| 710 | _aBERITA HARIAN | ||
| 856 | _zRequest full-text at [email protected] | ||
| 942 | _2lcc | ||
| 942 | _cNEWS | ||
| 942 | _kNWSC 005003 | ||
| 999 |
_c15043 _d15043 |
||